Sueño Imposible /
| Συγγραφή απο Οργανισμό/Αρχή: | |
|---|---|
| Μορφή: | Βιβλίο |
| Γλώσσα: | Ισπανικά |
| Έκδοση: |
San José, Costa Rica :
Chirripó Audiovisuales Distribución,
[Fecha de publicación no identificada]
|
| Θέματα: |
MARC
| LEADER | 00000nam a2200000Ia 4500 | ||
|---|---|---|---|
| 008 | 180927bs cr ||||| |||| 00| 0 spa d | ||
| 999 | |c 2527 |d 2527 | ||
| 090 | |a CD #99 | ||
| 110 | |a Organización de las Naciones Unidas para la Educación, la Ciencia y la Cultura |9 833 | ||
| 245 | 1 | 0 | |a Sueño Imposible / |c Organización de las Naciones Unidas |
| 260 | |a San José, Costa Rica : |b Chirripó Audiovisuales Distribución, |c [Fecha de publicación no identificada] | ||
| 300 | |a Disco compacto | ||
| 650 | 0 | |a RELACIONES DE GÉNERO |9 797 | |
| 650 | 0 | |a AGRESIÓN |9 721 | |
| 942 | |i 002036 |h CD #99 |2 z |c 08 | ||
